Best High - Rises 2010/11. The International Highrise Award 2010 /
Na minha lista:
| Formato: | Livro |
|---|---|
| Idioma: | alemão inglês |
| Publicado em: |
Berlin :
Jovis,
2010
|
| Assuntos: | |
| Tags: |
Sem tags, seja o primeiro a adicionar uma tag!
|
MARC
| LEADER | 00000nam a22000003a 4500 | ||
|---|---|---|---|
| 001 | stu219292 | ||
| 005 | 20141121220447.6 | ||
| 008 | 101213s2010------------------------ger-d | ||
| 020 | |a 978-3-86859-089-0 | ||
| 040 | |a STU |b slo | ||
| 041 | 0 | |a ger |a eng | |
| 245 | |a Best High - Rises 2010/11. The International Highrise Award 2010 / |c Ed by M. Busenkell | ||
| 260 | |a Berlin : |b Jovis, |c 2010 | ||
| 300 | |a 120 s | ||
| 650 | 7 | |a veže |2 stusub | |
| 650 | 7 | |a výškové budovy |2 stusub | |
| 996 | |b 284AU04794 |c A*7365 U |l AAKNAR |s A |a 24 |w stu219292_0001 | ||
| 996 | |b 284AU04639 |c A*7177 |l AA1110 |s P |a 0 |w stu219292_0002 | ||